00757 a2200193 4500003000500000005001700005010001600022020001500038040000900053082001200062100002000074245009000094260005100184300003400235505024300269650001300512700001800525700002000543Nust20221013113208.0 a 77017161 a0534005403 cNust00a574,KIR1 aKirk, David L.,10aBiology :bthe unity and diversity of life /cDavid Kirk, Ralph Taggart, Cecie Starr. aBelmont, Calif. :bWadsworth Pub. Co.,cc1978. axii, 420 p. :bill. ;c26 cm. aPrinciples Underlying the Diversity of Life (Page-3), The Shared Heritage of Life (Page-55), Complex Plans for Survival (Page-131), Adaptations in form and Function Organisms Evolving (Page-237), Life in a Changing Environment (Page-309). 0aBiology.1 aStarr, Cecie,1 aTaggart, Ralph,